Регионална библиотека "Любен Каравелов" - Русе

Международни дипломатически преговори (Запис номер 81404)

MARC детайли
000 -Лидер
Контролно поле с фиксирана дължина 02070nam a2200433 c 4500
003 - Код на организацията, давaща контролен номер
Контролно поле BLK
005 - Дата и час на последна редакция
Контролно поле 20240315005324.0
008 - Елементи от данни с фиксирана дължина
fixed length control field 180408b bul|||||r ||||||| ||bul||
010 ## - Наследен системен номер
LC control number KNG00085908000
020 ## - Международен стандартен номер на книга ISBN
Международен стандартен номер на книга ISBN 978-954-751-087-6
-- издат.: Албатрос
040 ## - Източник на каталожния запис
Идентификатор на билиотеката - собственик на записа BLK
041 ## - Код за език
Код за езика на текст/звукозапис или на отделно заглавие Български
Код за езика КДБФ Български
080 ## - УДК
Текстов определител УДК Международни политически отношения. Световна политика. Международна политика. Дипломация
УДК код - определител по УДК 327
УДК определител
УДК - код + определител 327
080 ## - УДК
Текстов определител УДК Дипломатическо право. Посланническо право. Дипломатически протокол(церемониал, етикет, йерархия)
УДК код - определител по УДК 341.7
УДК определител
УДК - код + определител 341.7
100 1# - Редна дума - Автор
Автор Савов, Еньо Василев
Авторска отговорност първи автор
R(LIN) 300077
139 ## - Редно поле
Редна дума Савов, Еньо Василев и др.
Авторски знак Сав - С 13
245 10 - Сведения за заглавието
Заглавие Международни дипломатически преговори
Подзаглавни данни Въпроси на теорията и практиката
Редно поле (дума) Еньо Василев Савов; съавт. Георги Петров Генов.
246 11 - Различни форми на заглавието
Паралелно заглавие International Diplomatic Negotiations : Theory and Practices
257 ## - Страна на издаване
Страна на създаване/издаване България
260 ## - Област на издателските данни
-- София
Име на издателя, разпространителя и проч. Албатрос
Година на издаване 2008
Печатница София : Скала
300 ## - Физическа характеристика
Страници 392 с.
Илюстрации и др. с табл.
Размери/Мащаб 24 см
380 ## - Жанр
Жанр Обществени науки
500 ## - Общи забележки
Забележка Офс. изд. - Съдържа и за авт. - Библиогр. с. 388-392.
504 ## - Забележка за наличие на библиография и др
Забележка за наличие на библиография и под. 388-392
590 ## - Забележки на библиотеката, притежаваща документа (RLIN)
Служебно ф
650 #0 - Допълнително описание по предмет – тема
Основно описание – тема или топоним Международни отношения
9 (RLIN) 245477
650 #4 - Допълнително описание по предмет – тема
Основно описание – тема или топоним Дипломация
9 (RLIN) 153505
650 #4 - Допълнително описание по предмет – тема
Основно описание – тема или топоним Дипломатическо и консулско право
9 (RLIN) 268482
653 ## - Ключова дума – ненормативна
Ключова дума международни отношения
653 ## - Ключова дума – ненормативна
Ключова дума дипломация
653 ## - Ключова дума – ненормативна
Ключова дума преговори
700 1# - Други автори (авторска отговорност)
Лично име Генов, Георги Петров
Автороска отговорност (Описва отношението между автора и произведението) съавт.
9 (RLIN) 372448
852 ## - Местоположение
Форматна сигнатура Цб 241525
856 4# - Електронен адрес и достъп
Електронен формат pdf - файл
Път до файла /url/
856 4# - Електронен адрес и достъп
Електронен формат pdf - файл
Път до файла /url/
942 ## - АРТИКУЛИ
Вид на библиотечния материал Книги
Скрит в OPAC Не
944 ## - СЪЗДАВАНЕ И РЕДАКЦИЯ на ЗАПИСА
Създаване/Редакция Създаване
Дата на регистрацията/редакция 17.10.2008
Служител, извършил регистрацията/редакцията
Статус, дата на статуса CRON CRON
944 ## - СЪЗДАВАНЕ И РЕДАКЦИЯ на ЗАПИСА
Създаване/Редакция Редакция
Дата на регистрацията/редакция 17.11.2010
Служител, извършил регистрацията/редакцията
999 ## - СИСТЕМНИ КОНТРОЛНИ НОМЕРА
Koha biblionumber 81404
Koha biblioitemnumber 81404
Наличности
Код за отписване Код за изгубен артикул Код за повреда Коз за рестрикции Код за отдаване Артикулен № Име на библиотеката - собственик Име на библиотеката, в която се намира в момента Статус (Текущо местоположение) Дата на вписване в системата Местоположение - отдел Цена в лева Инвентарен номер Систематично азбучна сигнатура Баркод Номер на екземпляра Цена в евро Служебна бележка Служебен тип на артикула
  Не е изгубен Не е повреден без рестрикции заемане за дома 132047 Регионална библиотека "Любен Каравелов" Русе Регионална библиотека "Любен Каравелов" Русе Заемна - подръчен фонд 2008-10-04 Заемна - подръчен фонд 23.00 120000730273 П 327/С 13 120000730273 1 11.76 Дост: Pk Вид: Ф N: 8545 Дата: 03.10.2008 Дата инв: 02.02.2018 Бележки инв: П2018 Книги
  Не е изгубен Не е повреден без рестрикции заемане за дома 132048 Регионална библиотека "Любен Каравелов" Русе Регионална библиотека "Любен Каравелов" Русе Заемна - подръчен фонд 2008-10-04 Заемна - подръчен фонд 23.00 120000730274 П 327/С 13 120000730274 2 11.76 Дост: Pk Вид: Ф N: 8545 Дата: 03.10.2008 Дата инв: 02.02.2018 Бележки инв: П2018 Книги
  Не е изгубен Не е повреден без рестрикции ползва се в читалня 132049 Регионална библиотека "Любен Каравелов" Русе Регионална библиотека "Любен Каравелов" Русе Хранилище 2010-11-18 Хранилище 23.00 120000747467 Цб 241525 120000747467 3 11.76 Дост: Dp Вид: Д N: 13 Дата: 17.03.2010 Дата инв: 12.08.2014 Бележки инв: Цб2014 Книги
Vip Innovations Ltd, Rousse, Bulgaria 2025